000
00383nam a2200133Ia 4500
008
191206s9999 xx 000 0 und d
020
_a
088806277X :
090
_a
HV713667
245
0
_a
Toolkits and building blocks: constructing a new Canada
260
_a
C.D. Howe Institute
260
_c
c[1991]
300
_a
207 p. ; 26 cm.
999
_c
17200
_d
17200